[Event "ESP-ch U10 rapid"]
[Site "Salobrena"]
[Date "2024.07.07"]
[Round "7"]
[White "Pastor Pastor, Lucas"]
[Black "Mumbru Borges, Marc"]
[Result "1-0"]
[WhiteElo "1697"]
[BlackElo "1575"]
[PlyCount "117"]
[EventDate "2024.07.06"]
[EventType "swiss (rapid)"]
[EventRounds "9"]
[EventCountry "ESP"]
[SourceTitle "EXT 2025"]
[Source "ChessBase"]
[SourceDate "2024.10.14"]
[SourceVersion "1"]
[SourceVersionDate "2024.10.14"]
[SourceQuality "1"]

1. c4 Nf6 2. Nc3 g6 3. d3 Bg7 4. g3 d6 5. Bg2 Nc6 6. e4 0-0 7. Nf3 h6 8. 0-0 e5 9. Be3 Bg4 10. h3 Be6 11. Nd2 Qd7 12. Kh2 Nb4 13. Qe2 c5 14. f4 Nc2 15. Rac1 Nd4 16. Bxd4 cxd4 17. Nd5 Nxd5 18. cxd5 Rac8 19. dxe6 fxe6 20. Qg4 Qe8 21. Rxc8 Qxc8 22. Qxg6 exf4 23. gxf4 Rf6 24. Qg4 Qc2 25. Nc4 d5 26. exd5 exd5 27. Ne5 Qxb2 28. Qf3 Qxa2 29. Qxd5+ Qxd5 30. Bxd5+ Kh7 31. Bxb7 Rxf4 32. Rxf4 Bxe5 33. Kg3 Kg6 34. Kg4 Bxf4 35. Kxf4 a5 36. Bc6 Kh5 37. Ke4 Kh4 38. Kxd4 Kxh3 39. Kc5 h5 40. Kb5 h4 41. Kxa5 Kg3 42. Kb5 Kf4 43. Kc5 Ke5 44. d4+ Ke6 45. d5+ Ke7 46. d6+ Kd8 47. Bh1 h3 48. Kc6 Kc8 49. Bf3 h2 50. Bh1 Kd8 51. d7 Ke7 52. Kc7 Ke6 53. d8Q Ke5 54. Qh4 Kf5 55. Kd6 Kg6 56. Ke6 Kg7 57. Qg5+ Kf8 58. Qg4 Ke8 59. Qg8# 1-0

[Event "ESP-ch U10 rapid"]
[Site "Salobrena"]
[Date "2024.07.06"]
[Round "3"]
[White "Caballero Mogilnikov, Liam"]
[Black "Mumbru Borges, Marc"]
[Result "1-0"]
[WhiteElo "1746"]
[BlackElo "1575"]
[PlyCount "69"]
[EventDate "2024.07.06"]
[EventType "swiss (rapid)"]
[EventRounds "9"]
[EventCountry "ESP"]
[SourceTitle "EXT 2025"]
[Source "ChessBase"]
[SourceDate "2024.10.14"]
[SourceVersion "1"]
[SourceVersionDate "2024.10.14"]
[SourceQuality "1"]

1. e4 d5 2. exd5 Qxd5 3. Nc3 Qd6 4. d4 Nf6 5. Nf3 c6 6. Bd3 Bg4 7. Be3 e6 8. h3 Bh5 9. g4 Bg6 10. Bxg6 hxg6 11. Qe2 Nxg4 12. 0-0-0 Nxe3 13. fxe3 Nd7 14. Kb1 0-0-0 15. e4 Be7 16. e5 Qc7 17. Qf2 Nb6 18. Nd2 f6 19. exf6 gxf6 20. Nb3 e5 21. dxe5 Rxd1+ 22. Rxd1 Qxe5 23. Re1 Qc7 24. Qg2 Rh6 25. Qe4 Bd8 26. Rd1 Qe7 27. Qf4 Bc7 28. Qxh6 g5 29. Qg6 Nd7 30. Qf5 b6 31. Qe4 Ne5 32. Qf5+ Kb7 33. Ne4 Nc4 34. Rd6 Ne3 35. Rd7 1-0

[Event "ESP-ch U10"]
[Site "Salobrena"]
[Date "2024.07.03"]
[Round "5"]
[White "Conan, Arthur Gabriel"]
[Black "Mumbru Borges, Marc"]
[Result "1/2-1/2"]
[WhiteElo "1772"]
[BlackElo "1605"]
[PlyCount "191"]
[EventDate "2024.07.01"]
[EventType "swiss"]
[EventRounds "9"]
[EventCountry "ESP"]
[SourceTitle "EXT 2025"]
[Source "ChessBase"]
[SourceDate "2024.10.14"]
[SourceVersion "1"]
[SourceVersionDate "2024.10.14"]
[SourceQuality "1"]

1. e4 d5 2. exd5 Qxd5 3. Nc3 Qa5 4. Bc4 Nf6 5. d3 Bf5 6. Bd2 c6 7. Nge2 Nbd7 8. Ng3 Bg6 9. Qe2 e6 10. 0-0 Qd8 11. Nce4 b5 12. Bb3 a5 13. a4 Be7 14. Ng5 0-0 15. Rfe1 Re8 16. h4 h6 17. Nh3 Bd6 18. Nf4 Bh7 19. h5 Qc7 20. axb5 Bxf4 21. bxc6 Bxd2 22. cxd7 Bxe1 23. dxe8Q+ Nxe8 24. Qxe1 Nd6 25. Qe5 Ne8 26. Qxc7 Nxc7 27. Bc4 f5 28. f4 g6 29. hxg6 Bxg6 30. b3 Bf7 31. Kf2 Ne8 32. Nf1 Nd6 33. Nd2 Kf8 34. Ra4 Ke7 35. b4 Nb7 36. Nb3 Be8 37. Ra3 a4 38. Nd4 Bd7 39. Nf3 Nd6 40. Ne5 Bb5 41. Ba2 Be8 42. c4 Kf6 43. Bb1 Ke7 44. Bc2 Kd8 45. b5 Kc7 46. d4 Bxb5 47. cxb5 Nxb5 48. Rxa4 Rxa4 49. Bxa4 Nc3 50. Bc6 Kd6 51. Bf3 Ke7 52. g4 Kf6 53. Nd7+ Ke7 54. Nc5 Kf6 55. gxf5 Kxf5 56. Ke3 Nb5 57. Nd3 Nc7 58. Nc1 Nb5 59. d5 exd5 60. Bxd5 Nd4 61. Be4+ Kg4 62. Ne2 Ne6 63. f5 Ng7 64. f6 Ne6 65. Nd4 Kg5 66. Nxe6+ Kxf6 67. Nd4 Kg5 68. Nf5 Kh5 69. Ne7 Kg5 70. Nd5 Kg4 71. Nf6+ Kg5 72. Ng8 h5 73. Kf3 h4 74. Ke3 Kg4 75. Bc2 Kg3 76. Be4 h3 77. Ne7 h2 78. Ng6 Kg4 79. Ne7 Kg3 80. Ng6 Kg4 81. Nf4 Kg3 82. Bf3 Kh4 83. Kf2 Kg5 84. Nd5 Kf5 85. Kg2 Ke5 86. Kxh2 Kd4 87. Kg3 Ke5 88. Kg4 Kd4 89. Kf4 Kc5 90. Ke5 Kc6 91. Kd4 Kd6 92. Bg4 Kc6 93. Ke5 Kc5 94. Be2 Kc6 95. Kd4 Kd6 96. Bg4 1/2-1/2